| 000 | 00912nam a2200229 a 4500 | ||
|---|---|---|---|
| 001 | 000836401 | ||
| 003 | AM-YEHGA | ||
| 005 | 20250617164107.0 | ||
| 008 | 111006s1962 ru r 000 0 rus d | ||
| 040 | _aAM-YeHGA | ||
| 041 | 1 |
_arus _hhun |
|
| 100 | 1 | _aМориц, Жигмонд | |
| 245 | 1 | 0 |
_aПьесы : _bПер. с венг. / _cЖ. Мориц; Сост. Б. Гейгер; Вступит. ст. И. Липпаи; Примеч. И. Липпаи и Б. Гейгера. |
| 246 | 1 | 1 | _aSzinmuvek |
| 260 |
_aМосква : _bИскусство, _c1962. |
||
| 300 |
_a513 стр. : _bилл. ; _c21 см. |
||
| 440 | 0 | _aБиблиотека драматурга | |
| 650 | 1 | 4 |
_aВенгерская литература _xПьеса |
| 700 | 1 |
_aГейгер, Б. _eсост. _4com _eкоммент. _4cmm |
|
| 700 | 1 |
_aЛиппаи, И. _eавт. предисл. _4aui _eкоммент. _4cmm |
|
| 090 | _c521281 | ||
| 999 |
_c517730 _d517730 |
||